| 000 | 01083nam a22003257a 4500 | ||
|---|---|---|---|
| 003 | CHAP | ||
| 005 | 20220329134210.0 | ||
| 008 | 971013s1976 r 00010 d | ||
| 010 | _a16865 | ||
| 011 | _a17837 | ||
| 035 | _a21921 | ||
| 040 | _cCHAP | ||
| 082 |
_a632.96 _bH83 |
||
| 100 | 0 | 0 |
_aHuffaker, Carl Barton. ed. _eed. _956772 |
| 245 | _aTheory and practice of biological control | ||
| 260 |
_aNew York : _bAcademic Press, _c1976 |
||
| 300 |
_a788 p. _b: ilus. |
||
| 590 |
_aBATCH-UPD _b10 _c20130110 _lUCH01 _h0322 |
||
| 590 |
_aBATCH-UPD _b10 _c20130110 _lUCH01 _h1542 |
||
| 590 |
_aBATCH-UPD _b10 _c20130409 _lUCH01 _h2355 |
||
| 590 |
_aBATCH-UPD _b10 _c20130914 _lUCH01 _h1045 |
||
| 590 |
_aCONVERSION _b10 _c20130109 _lUCH01 _h1310 |
||
| 650 | 1 | 4 |
_aControl biológico de insectos. _927582 |
| 650 | 1 | 4 |
_aControl biológico de plagas. _927587 |
| 650 | 1 | 4 |
_aMalas hierbas _xControl por insectos. _970013 |
| 901 | _aBK | ||
| 942 | _cLIBRO | ||
| 949 |
_a632.96 H83 _bBC _cLIBRO _d-50999 _eLIBRO _h1196 _i21921 _si |
||
| 949 |
_a632.96 H83 _bBC _cLIBRO _d-51000 _eLIBRO _fc.2 _h45098 _i21921 _si |
||
| 999 |
_c16865 _d16865 |
||